Birth controlled: Selective reproduction and neoliberal eugenics in South Africa and India (Record no. 1224836)

MARC details
000 -LEADER
fixed length control field 00745nam a2200229Ia 4500
005 - DATE AND TIME OF LATEST TRANSACTION
control field 20260504115203.0
008 - FIXED-LENGTH DATA ELEMENTS--GENERAL INFORMATION
fixed length control field 241129s9999||||xx |||||||||||||| ||und||
020 ## - INTERNATIONAL STANDARD BOOK NUMBER
International Standard Book Number 9781526160546
037 ## - SOURCE OF ACQUISITION
Terms of availability General Book
040 ## - CATALOGING SOURCE
Original cataloging agency RTL
Language of cataloging eng
Transcribing agency RTL
041 ## - LANGUAGE CODE
Language code of text/sound track or separate title eng
Source of code eng
084 ## - COLON CLASSIFICATION NUMBER
Classification number Y:5:5(Y) R2
Assigning agency RTL
245 #0 - TITLE STATEMENT
Title Birth controlled: Selective reproduction and neoliberal eugenics in South Africa and India
260 ## - PUBLICATION, DISTRIBUTION, ETC.
Place of publication, distribution, etc. London
Name of publisher, distributor, etc. Manchester University Press
Date of publication, distribution, etc. 2022
300 ## - PHYSICAL DESCRIPTION
Extent xxi,375p.
Other physical details Includes bibliographical references and index
365 ## - TRADE PRICE
Price type code INR
Price amount 8590.1
650 ## - SUBJECT ADDED ENTRY--TOPICAL TERM
Topical term or geographic name entry element Reproductive Control
9 (RLIN) 725198
650 ## - SUBJECT ADDED ENTRY--TOPICAL TERM
Topical term or geographic name entry element Sociology
700 ## - ADDED ENTRY--PERSONAL NAME
Personal name Pande Amrita
Relator term Editor
942 ## - ADDED ENTRY ELEMENTS (KOHA)
Koha item type General Books
Classification part Y:5:5(Y) R2
Source of classification or shelving scheme Colon Classification (CC)
Holdings
Withdrawn status Lost status Source of classification or shelving scheme Damaged status Not for loan Home library Current library Date acquired Source of acquisition Cost, normal purchase price Inventory number Total Checkouts Full call number Barcode Date last seen Price effective from Koha item type
    Colon Classification (CC)     Ratan Tata Library Ratan Tata Library 2024-11-29 Classic book service 8590.10 239 & 21/02/2023   Y:5:5(Y), R2 RT1502772 2024-11-29 2024-11-29 General Books
Copyright @ Delhi University Library System